Narrativa francesa (Record no. 76301)

MARC details
000 -LEADER
campo de control de longitud fija 00810nam a2200217 i 4500
001 - NÚMERO DE CONTROL
campo de control 76301
003 - IDENTIFICADOR DE NÚMERO DE CONTROL
campo de control ES-MaACL
005 - FECHA Y HORA DE LA ÚLTIMA TRANSACCIÓN
campo de control 20250801035024.0
007 - CAMPO FIJO DE DESCRIPCIÓN FÍSICA--INFORMACIÓN GENERAL
campo de control de longitud fija t|
008 - DATOS DE LONGITUD FIJA--INFORMACIÓN GENERAL
campo de control de longitud fija 040930s1971 sp ||||1| spa d
100 0# - ENTRADA PRINCIPAL--NOMBRE DE PERSONA
Nombre de persona Guereña, Jacinto Luis,
Fechas asociadas al nombre 1915-2007
9 (RLIN) 60460
245 10 - MENCIÓN DEL TÍTULO
Título Narrativa francesa
Resto del título : 1850-1970 /
Mención de responsabilidad, etc. Jacinto Luis Guereña.
260 ## - PUBLICACIÓN, DISTRIBUCIÓN, ETC.
Lugar de publicación, distribución, etc. [Madrid] :
Nombre del editor, distribuidor, etc. Epesa [Ediciones y Publicaciones Españolas],
Fecha de publicación, distribución, etc. [1971]
300 ## - DESCRIPCIÓN FÍSICA
Extensión 224 p. ;
Dimensiones 17 cm.
490 1# - MENCIÓN DE SERIE
Mención de serie Grandes escritores contemporáneos. Panoramas ;
Designación de volumen o secuencia 47
650 ## - PUNTO DE ACCESO ADICIONAL DE MATERIA--TÉRMINO DE MATERIA
Término de materia o nombre geográfico como elemento de entrada Novela francesa-
Subdivisión cronológica S.XIX-
Subdivisión general Historia y crítica.
9 (RLIN) 136608
650 #4 - PUNTO DE ACCESO ADICIONAL DE MATERIA--TÉRMINO DE MATERIA
Término de materia o nombre geográfico como elemento de entrada Novela francesa-
Subdivisión cronológica S.XX-
Subdivisión general Historia y crítica.
9 (RLIN) 171911
830 10 - PUNTO DE ACCESO ADICIONAL DE SERIE-TÍTULO UNIFORME
Título uniforme Grandes escritores contemporáneos.
Nombre de parte o sección de la obra Panoramas
Designación de volumen o secuencia 47
9 (RLIN) 184401
852 ## - LOCALIZACIÓN
Ubicación ES-MaACL
Número de control de estantería C-48698
Holdings
Estatus retirado Estado de pérdida Estado de daño No para préstamo Biblioteca de origen Biblioteca actual Ubicación en estantería Fecha de adquisición Fuente de adquisición Total de préstamos Signatura topográfica completa Código de barras Visto por última vez Precio de reemplazo Tipo de ítem Koha
        Biblioteca del Ateneo de Madrid Biblioteca del Ateneo de Madrid Depósito 2 17/01/2008     C-48698 1079851 23/02/2023 23/02/2023 Libro impreso